Loading...

Rural development

Bibliographic Details
Main Author: Aziz,Sartaj
Format: Printed Book
Language:English
Published: London The Mac Millan Press Ltd 1978
Subjects:
LEADER 00571nam a22001697a 4500
005 20160820112333.0
008 090810t xxu||||| |||| 00| 0 eng d
082 |a 330.34(529)  |b AZI 
100 |a Aziz,Sartaj  |9 311 
245 |a Rural development 
300 |a xxi,201p. 
653 |a rural development  |a underdeveloped areas  |a social policy 
942 |c BK  |6 _ 
260 |a London  |b The Mac Millan Press Ltd  |c 1978 
020 |a 0333234413 
999 |c 168376  |d 168376 
952 |0 0  |1 0  |2 ddc  |4 0  |6 33034529_AZI  |7 0  |9 218850  |a DAE  |b DAE  |d 2009-08-10  |o 330.34(529) AZI  |p ECO00767  |r 2016-08-20  |w 2016-08-20  |y BK